অপারেশন ডেজার্ট স্টর্ম / (Record no. 18415)
[ view plain ]
| 000 -LEADER | |
|---|---|
| fixed length control field | 00797nam a22001937a 4500 |
| 003 - CONTROL NUMBER IDENTIFIER | |
| control field | BDDh-ASL |
| 005 - DATE AND TIME OF LATEST TRANSACTION | |
| control field | 20231015025715.0 |
| 008 - FIXED-LENGTH DATA ELEMENTS--GENERAL INFORMATION | |
| fixed length control field | 200929b1992 ||||| |||| 00| 0 d |
| 040 ## - CATALOGING SOURCE | |
| Original cataloging agency | BDDh-ASL |
| Transcribing agency | BDDh-ASL |
| Modifying agency | BDDh-ASL |
| 041 ## - LANGUAGE CODE | |
| Language code of text/sound track or separate title | Bengali |
| 082 ## - DEWEY DECIMAL CLASSIFICATION NUMBER | |
| Classification number | 327 |
| Item number | UDA |
| 100 ## - MAIN ENTRY--PERSONAL NAME | |
| 9 (RLIN) | 1248 |
| Personal name | উদ্দীন, এম. কামাল |
| 245 1# - TITLE STATEMENT | |
| Title | অপারেশন ডেজার্ট স্টর্ম / |
| Statement of responsibility, etc. | এম. কামাল উদ্দীন। |
| 246 ## - VARYING FORM OF TITLE | |
| Title proper/short title | Operation Desert Strom. |
| 260 ## - PUBLICATION, DISTRIBUTION, ETC. | |
| Place of publication, distribution, etc. | চট্টগ্রাম: |
| Name of publisher, distributor, etc. | মনোয়ারা বেগম, |
| Date of publication, distribution, etc. | ১৯৯২। |
| 300 ## - PHYSICAL DESCRIPTION | |
| Extent | ৭৮ পৃষ্ঠা: |
| Dimensions | ২২ সে. মি.। |
| 650 #0 - SUBJECT ADDED ENTRY--TOPICAL TERM | |
| 9 (RLIN) | 1247 |
| Topical term or geographic name entry element | ইরাক যুদ্ধ |
| General subdivision | আন্তর্জাতিক সম্পর্ক |
| 942 ## - ADDED ENTRY ELEMENTS (KOHA) | |
| Source of classification or shelving scheme | Dewey Decimal Classification |
| Koha item type | Books |
| Withdrawn status | Lost status | Source of classification or shelving scheme | Damaged status | Not for loan | Collection code | Home library | Current library | Shelving location | Date acquired | Source of acquisition | Total Checkouts | Full call number | Barcode | Date last seen | Copy number | Price effective from | Koha item type | Public note |
|---|---|---|---|---|---|---|---|---|---|---|---|---|---|---|---|---|---|---|
| Dewey Decimal Classification | Non-fiction | Asiatic Society Library | Asiatic Society Library | General Stacks | 09/29/2020 | Complementary | 327 UDA | 101601 | 09/29/2020 | C-1 | 09/29/2020 | Books | ||||||
| Dewey Decimal Classification | Non-fiction | Asiatic Society Library | Asiatic Society Library | General Stacks | 01/16/2025 | ASB Library Collection | 327 UDA | 125687 | 01/16/2025 | C-2 | 01/16/2025 | Books | Y-1992 |